| 000 | 00436cam a2200169ua 4500 | ||
|---|---|---|---|
| 020 | _c3.00 | ||
| 041 |
_ahin _h |
||
| 082 |
_a891.54 _bRAV/GA |
||
| 100 | _aRavjibai Manibai, Patel . | ||
| 245 |
_aGandhiji ki sadana / _cRavjibai Manibai Patel. _hTextual Documents |
||
| 260 |
_aAhamadabad : _bNavjeevan prakashan mandir , _c1959. |
||
| 300 | _a303 ; . | ||
| 365 | _a3.00 | ||
| 504 | _a | ||
| 942 | _cBK | ||
| 999 |
_c11871 _d11871 |
||